Statistics for Jealous Girl - Lana Del Rey - All Lyrics

Click here to take the quiz!

General Stats

  • This quiz has been taken 28 times
  • The average score is 404 of 451

Answer Stats

Answer% Correct
a
100%
baby)
100%
baby,
100%
baby
100%
Baby,
100%
can
100%
can't
100%
C'mon
100%
do
100%
do,
100%
else
100%
girl
100%
have
100%
I
100%
if
100%
(If
100%
If
100%
it
100%
Jealous,
100%
jealous,
100%
jealous
100%
no
100%
No
100%
Oh,
100%
on
100%
on?
100%
whatcha
100%
Whoop
100%
Whoop,
100%
world
100%
ya
100%
you
100%
you,
100%
You
100%
be
96%
Be
96%
don't
96%
I'm
96%
in
96%
me,
96%
me
96%
mess
96%
one
96%
takes
96%
the
96%
this
96%
to
96%
two
96%
wanna
96%
with
96%
'Cause
91%
gangster
91%
tango
91%
too
91%
and
87%
down,
87%
down
87%
Go
87%
go
87%
love
87%
cheerleader
83%
cheerleader)
83%
cheerleaders
83%
aggressive,
78%
aggressive
78%
dance
78%
feel
78%
Honey,
78%
say
78%
your
78%
Boy,
74%
lead
74%
my
74%
same
74%
Show
74%
show
74%
leader
70%
own
70%
said,
70%
want
70%
Bring
65%
(Bring
65%
house
65%
that
65%
well
65%
what
65%
all
61%
him
61%
it's
61%
life,
61%
now
61%
over
61%
about
57%
am
57%
Come
57%
for
57%
got
57%
know
57%
tell
57%
than
57%
who's
57%
You're
57%
you're
57%
better
52%
girls,
52%
give
52%
I'll
52%
loud,
52%
man
52%
one's
52%
should
52%
things
52%
burn
48%
good
48%
off
48%
out
48%
done,
43%
hook,
43%
important
43%
more
43%
not
43%
Why?
43%
deceiver
39%
sing
35%
bam
30%
march
30%

Score Distribution

Percentile by Number Answered

Percent of People with Each Score

Your Score History

You have not taken this quiz